000 00575nam a2200193Ia 4500
005 20250508150426.0
008 008 250505s9999 xx 000 0 eng d
037 _aTextual
040 _aFEDL
_beng
_cFEDL
041 _aeng
_2eng
084 _a374.1, GRA
_qFEDL
100 _aGray William S
_9154394
245 0 _aReading interests and habits of adults : A preliminary report
260 _aNew York, USA
_bThe Macmillan Company
_c1930
300 _axiii,305p
700 _a Munroe Ruth
_9756660
942 _cTEXL
_h374.1, GRA
999 _c1323570
_d1323570